Rozpočtové provizórium v podmienkach obce
Problematika rozpočtového provizória, v ktorom sa na začiatku roku 2023 ocitlo viacero samospráv. Povinnosti samosprávy pri hospodárení v rozpočtovom provizóriu a odpovede na časté otázky, spojené s uplatňovaním pravidiel rozpočtového provizória v praxi.
Uložené v:
| Hlavný autor: | |
|---|---|
| Médium: | Kapitola |
| Jazyk: | Slovak |
| Predmet: | |
| Tagy: |
Žiadne tagy, Buďte prvý, kto otaguje tento záznam!
|
MARC
| LEADER | 00000naa a2200000 4500 | ||
|---|---|---|---|
| 001 | 0290571 | ||
| 005 | 20240417075223.4 | ||
| 041 | 0 | |a slo | |
| 044 | |a SK | ||
| 245 | 1 | 0 | |a Rozpočtové provizórium v podmienkach obce |c Ingrid Veverková Konečná |
| 520 | |a Problematika rozpočtového provizória, v ktorom sa na začiatku roku 2023 ocitlo viacero samospráv. Povinnosti samosprávy pri hospodárení v rozpočtovom provizóriu a odpovede na časté otázky, spojené s uplatňovaním pravidiel rozpočtového provizória v praxi. | ||
| 610 | 2 | 0 | |a provizórium rozpočtové |
| 610 | 2 | 0 | |a obce |
| 610 | 2 | 0 | |a samospráva |
| 610 | 2 | 0 | |a samospráva miestna |
| 610 | 2 | 0 | |a samospráva regionálna |
| 610 | 2 | 0 | |a hospodárenie finančné |
| 610 | 2 | 0 | |a pravidlá rozpočtové |
| 100 | 1 | |a Veverková Konečná, Ingrid | |